Billie Eilish - THE GREATEST Lyrics - Statistics

General Stats
  • This quiz has been taken 177 times
  • The average score is 204 of 245
Answer Stats
Answer % Correct
I
100%
i
100%
a
99%
you
96%
You
96%
my
95%
My
95%
To
95%
to
95%
all
94%
All
94%
all)
94%
greatest
94%
(greatest)
94%
the
94%
The
94%
am
93%
And
92%
and
92%
When
90%
it
89%
it)
89%
Man
89%
do
88%
I'm
88%
love
88%
(love)
88%
me
88%
For
87%
for
87%
for)
87%
want
87%
naked
86%
(naked)
86%
waited
86%
(waited)
86%
ooh
85%
times
85%
best
83%
know
83%
(know)
83%
your
83%
been
82%
been)
82%
don't
82%
(oh)
82%
trying
82%
What
82%
what
82%
congratulations
81%
(congratulations)
81%
go
81%
I've
81%
keep
81%
patience
81%
look
80%
Made
80%
made
80%
painless
80%
(painless)
80%
admiration
79%
(admiration)
79%
have
79%
How
77%
(how
77%
in
77%
mm
77%
night
77%
up
77%
ah
76%
wanna
76%
get
75%
Just
75%
loved
75%
rest
75%
satisfied
75%
still
75%
While
74%
Hm
73%
hm
73%
stayed
73%
we
73%
alone
71%
come
71%
from
70%
wanted
70%
could've
69%
it's
69%
Let
69%
at
67%
gave
67%
was
67%
Whatever
67%
Anything
65%
(anything
65%
God
65%
hate
65%
not
65%
state
65%
done
64%
(done)
64%
fight
64%
(fight)
64%
fighting
64%
(fighting
64%
passion
64%
said
64%
even
63%
heart
63%
say
63%
(say
63%
couldn't
62%
what's
62%
worth
62%
would've
62%
break
61%
(break
61%
Doing
60%
right
60%
Unappreciated
60%
shouldn't
58%
Without
58%
jaded
57%
reward
57%
anyone
55%
anyone)
55%
than
55%
(than
55%
Worse
54%
No matching quizzes found
Score Distribution
Percent of People with Each Score
Percentile by Number Answered
Your Score History
You have not taken this quiz